科学技術要覧 (昭和58年版) Indicators of science and technology

Zapisane w:
Opis bibliograficzny
Korporacja: 科学技術庁計画局
Format: Książka
Język:Undetermined
Wydane: 東京 大蔵省印刷局 1965
Hasła przedmiotowe:
Etykiety: Dodaj etykietę
Nie ma etykietki, Dołącz pierwszą etykiete!
Thư viện lưu trữ: Trung tâm Học liệu Trường Đại học Cần Thơ
LEADER 00546nam a2200193Ia 4500
001 CTU_94407
008 210402s9999 xx 000 0 und d
082 |a 600 
082 |b K12 
110 |a 科学技術庁計画局 
245 0 |a 科学技術要覧 (昭和58年版) 
245 0 |b Indicators of science and technology 
245 0 |c 科学技術庁計画局 
260 |a 東京 
260 |b 大蔵省印刷局 
260 |c 1965 
650 |a Science Technology 
904 |i Ngoc 
980 |a Trung tâm Học liệu Trường Đại học Cần Thơ